| 000 | 01446nam a2200373Ia 4500 | ||
|---|---|---|---|
| 001 | ebr10250311 | ||
| 003 | CaPaEBR | ||
| 006 | m u | ||
| 007 | cr cn||||||||| | ||
| 008 | 080604s2008 inua sb 001 0 eng d | ||
| 010 | _z 2008022103 | ||
| 020 | _z0470290633 (pbk.) | ||
| 020 | _z9780470290637 (pbk.) | ||
| 040 |
_aCaPaEBR _cCaPaEBR |
||
| 035 | _a(OCoLC)270606496 | ||
| 050 | 1 | 4 |
_aHF5415.1265 _b.E376 2008eb |
| 082 | 0 | 4 |
_a658.8/72 _222 |
| 100 | 1 | _aEisenberg, Bryan. | |
| 245 | 1 | 0 |
_aAlways be testing _h[electronic resource] : _bthe complete guide to Google website optimizer / _cBryan Eisenberg, John Quarto-vonTivadar, Lisa T. Davis. |
| 260 |
_aIndianapolis, Ind. : _bWiley Publishing, _cc2008. |
||
| 300 |
_axxxii, 302 p. : _bill. |
||
| 490 | 1 | _aSerious skills | |
| 504 | _aIncludes bibliographical references and index. | ||
| 533 |
_aElectronic reproduction. _bPalo Alto, Calif. : _cebrary, _d2011. _nAvailable via World Wide Web. _nAccess may be limited to ebrary affiliated libraries. |
||
| 650 | 0 |
_aInternet marketing _xTesting. |
|
| 650 | 0 | _aElectronic commerce. | |
| 650 | 0 | _aWeb site development. | |
| 655 | 7 |
_aElectronic books. _2local |
|
| 700 | 1 |
_aQuarto-vonTivadar, John, _d1964- |
|
| 700 | 1 | _aDavis, Lisa T. | |
| 710 | 2 | _aebrary, Inc. | |
| 830 | 0 | _aSerious skills. | |
| 856 | 4 | 0 |
_uhttp://site.ebrary.com/lib/rucke/Doc?id=10250311 _zAn electronic book accessible through the World Wide Web; click to view |
| 999 |
_c35651 _d35651 |
||